Among Us - Locaties Mira HQ - Statistieken

Algemene statistieken
  • Deze quiz is 5 keer genomen
    3 sinds de laatste reset
  • De gemiddelde score is 7 van 14
Antwoordstatistieken
Locatie % Correct
Admin
100%
Cafetaria
67%
Communications
67%
Medbay
67%
Storage
67%
Balcony
33%
Decontamination
33%
Greenhouse
33%
Hallway
33%
Laboratory
33%
Launchpad
33%
Locker Room
33%
Office
33%
Reactor
33%
Geen overeenkomende quizzen gevonden
Scoreverdeling
Procent van Mensen met Elke Score
Percentiel versus Aantal Correcte Antwoorden
Uw Scoregeschiedenis
U heeft deze quiz nog niet genomen sinds de laatste reset